000 00353nam a2200145Ia 4500
008 230312s9999||||xx |||||||||||||| ||und||
020 _a9780994360205
082 _a781.660
_bREF-P
100 _aReference
245 0 _aProduct 45 Australian Punk
260 _bAustralia
_aSydney
_c2015
300 _a403
650 _aHistory
_vRock Music
942 _cBK
999 _c17659
_d17659